ARRUPE JESUIT UNIVERSITY

CORONAVIRUS -STOP THE SPREAD - CLEAN,DISINFECT,COVER

The Catholic Faith (Record no. 118974)

MARC details
000 -LEADER
fixed length control field 00452nam a22001337a 4500
008 - FIXED-LENGTH DATA ELEMENTS--GENERAL INFORMATION
fixed length control field 131203b xxu||||| |||| 00| 0 eng d
050 ## - LIBRARY OF CONGRESS CALL NUMBER
Classification number BX 1751.2 C754 1994
100 ## - MAIN ENTRY--PERSONAL NAME
Personal name Conrad, Richard OP.
9 (RLIN) 4794
245 ## - TITLE STATEMENT
Title The Catholic Faith
Remainder of title A Dominican's vision.
Statement of responsibility, etc Richard Conrad OP.
260 ## - PUBLICATION, DISTRIBUTION, ETC. (IMPRINT)
Place of publication, distribution, etc New York
Name of publisher, distributor, etc Geoffrey Chapman
Date of publication, distribution, etc 1994
300 ## - PHYSICAL DESCRIPTION
Extent vii, 200p. ;
Dimensions 23cm.
650 ## - SUBJECT ADDED ENTRY--TOPICAL TERM
Topical term or geographic name as entry element Catholic doctrines
General subdivision Catholic church
-- catechism
9 (RLIN) 4795
942 ## - ADDED ENTRY ELEMENTS (KOHA)
Source of classification or shelving scheme Library of Congress Classification
Item type Monograph ( Printed materials)
Holdings
Withdrawn status Lost status Source of classification or shelving scheme Damaged status Not for loan Home library Current library Date acquired Total Checkouts Full call number Barcode Date last seen Price effective from Koha item type
    Library of Congress Classification     ARRUPE LIBRARY ARRUPE LIBRARY 03/12/2013   BX1751.2 C754 1994 46411499 22/11/2017 03/12/2013 Monograph ( Printed materials)

 

Arrupe Library. PO Box MP320 Mt Pleasant, Harare, Zimbabwe
263 242 745411|librarian@aju.ac.zw